000 00221 a2200097 4500
001 9287
100 _aPounds, N.
245 _aAn historical & political geography of europe
260 _a
_bHarrap
_c
090 _c7456
_d7456
942 _aNUST-CAE
_cM
_c34107
999 _c244360
_d244360